000
00339nam a2200133 a 4500
001
4140
005
20140414131855.0
008
090218s19uu xx 00 eng d
050
_a
FIL
_b
M68 2004
100
_a
Magnuson, Robert
245
_a
Mister Beetle's many rooms.
260
_a
Manila, Philippines :
_b
Adarna,
_c
2004.
999
_c
110432
_d
110432